| 000 | 01191cam a2200361 a 4500 | ||
|---|---|---|---|
| 001 | 17048173 | ||
| 003 | OSt | ||
| 005 | 20140310182858.0 | ||
| 008 | 111117s2010 ph a b 001 0btgl | ||
| 010 | _a 2011308508 | ||
| 020 | _a9789715849968 | ||
| 040 |
_aDLC _cDLC _dDLC |
||
| 042 |
_alcode _apcc |
||
| 043 | _aa-ph--- | ||
| 050 | 0 | 0 |
_aDS 686.6 _b.Se479 2010 |
| 082 |
_aFIL 340.092 _b.Se479 2010 |
||
| 100 | 1 | _aSepeda, Bernardo Noceda. | |
| 245 | 1 | 0 |
_aJose "Ka Pepe" W. Diokno _bmakatao, makabayan _cSepeda, Bernardo Noceda |
| 260 |
_aQuezon City _bC & E Pub. _c2010 |
||
| 300 |
_axxx, 226 p. _bill. _c22 cm. |
||
| 504 | _aIncludes bibliographical references (p. 207-220) and index. | ||
| 520 | _aLife story of Jose W. Diokno, a Filipino human rights activist and nationalist. | ||
| 521 | _aCollege Student | ||
| 526 | _c1210L-1700L | ||
| 541 | _j1 | ||
| 546 | _aIn Tagalog. | ||
| 562 | _eFor circulation. 1 copy available in the collection | ||
| 600 | 1 | 0 | _aDiokno, Jose W. |
| 650 | 0 |
_aNationalists _zPhilippines _vBiography. |
|
| 906 |
_a7 _bcbc _corigode _d3 _encip _f20 _gy-gencatlg |
||
| 942 |
_2lcc _cBK _kFIL |
||
| 999 |
_c17068 _d17068 |
||